| 000 | 00414nam a22001697a 4500 | ||
|---|---|---|---|
| 003 | CEME | ||
| 005 | 20210628205314.0 | ||
| 008 | 210308b xxu||||| |||| 00| 0 eng d | ||
| 020 | _a969-402-289-4 | ||
| 040 | _c. | ||
| 082 | _a954.91 MEM'P | ||
| 100 |
_aMemon, Ali Nawaz _974857 |
||
| 245 | _aPakistan islamic nation in crisis | ||
| 260 |
_aISLAMABAD _bVANGUARD _c1997 |
||
| 300 | _aXV, 362P | ||
| 942 |
_cBK _2ddc |
||
| 999 |
_c580361 _d580361 |
||